| 000 | 00722nam a2200241Ii 4500 | ||
|---|---|---|---|
| 003 | JO-AjNU | ||
| 005 | 20240110134045.0 | ||
| 008 | 230605s9999||||xx |||||||||||||| ||und|| | ||
| 017 | _a2006/6/1433 | ||
| 040 |
_aJO-AjNU _bara _erda _cJO-AjNU |
||
| 041 | _aara | ||
| 050 | 1 | 4 | _aT56.S526 2007 |
| 100 | 3 |
_aالشمري ، محمد عبدالرضا, _eauthor _940571 |
|
| 245 | 0 | 0 | _aالهندسة الصناعية |
| 250 | _aط1 | ||
| 264 | 3 | 1 | _aعمان:دار الصفاء للنشر ، 2007 |
| 300 | _a176ص | ||
| 336 |
_atext _btxt _2rdacontent |
||
| 337 |
_aunmediated _bn _2rdamedia |
||
| 338 |
_avolume _bnc _2rdacarrier |
||
| 650 | 4 |
_aالهندسة الصناعية-الصناعات _940572 |
|
| 942 |
_2lcc _cBK |
||
| 999 |
_c20797 _d20797 |
||